As aventuras de Bambolina (Record no. 117363)

MARC details
000 -LÍDER
campo de controle de tamanho fixo 01037 a2200277 4500
001 - NÚMERO DE CONTROLE
campo de controle 117363
020 ## - ISBN - INTERNATIONAL STANDARD BOOK NUMBER
ISBN - International Standard Book Number 9788508103799
020 ## - ISBN - INTERNATIONAL STANDARD BOOK NUMBER
Informação qualificadora (Broch.)
041 ## - CÓDIGO DE IDIOMA
Código do idioma do texto/trilha sonora ou título diferente por
082 ## - CDD - CLASSIFICAÇÃO DECIMAL DE DEWEY
Número de Classificação 741
040 ## - FONTE DA CATALOGAÇÃO
Instituição da catalogação original BR-BrIDEA
Instituição que transcreveu o registro BR-BrIDEA
090 ## - NÚMERO DE CHAMADA LOCAL
Número de chamada (OCLC) (R); Número de chamada, CALL (RLIN) (NR) A Year 3 741
Número Cutter local (OCLC); Número de classificação do livro, CALL (RLIN) IAC
100 ## - ENTRADA PRINCIPAL--NOME PESSOAL
Nome pessoal Iacocca, Michele
Datas associadas ao nome 1942
245 10 - TÍTULO
Título As aventuras de Bambolina
Indicação de responsabilidade, etc. Michele Iacocca
260 ## - PUBLICAÇÃO, DISTRIBUIÇÃO, ETC.
Local de publicação, distribuição, etc. São Paulo
Nome do editor, distribuidor, etc. Ática
Data da publicação, distribuição, etc. 2006
300 ## - DESCRIÇÃO FÍSICA
Extensão 32p.
Outros detalhes físicos il. color
Material de acompanhamento 27.5cm x 20.2cm
490 ## - TÍTULO DA SÉRIE
Título da série Livros sem palavras
500 ## - NOTA GERAL
Nota geral “Altamente recomendável” da FNLIJ e, adaptado para o teatro, recebeu o prêmio Mirian Muniz e 12 indicações ao prêmio coca-cola, e a cotação máxima de todas as críticas.
520 ## - NOTA DE RESUMO, ETC
Resumo, etc. Bambolina é uma boneca de pano que passa de mão em mão até ser abandonada no lixo. Uma história emocionante sobre as diferentes formas de relação entre as pessoas
521 ## - NOTA DO PÚBLICO ALVO
Nota de público alvo Year 3
697 ## - ENTRADA DE ASSUNTO LOCAL--ENTIDADE COLETIVA (RLIN)
Nome corporativo ou nome da jurisdição Literatura infantojuvenil
697 ## - ENTRADA DE ASSUNTO LOCAL--ENTIDADE COLETIVA (RLIN)
Nome corporativo ou nome da jurisdição Leitura de imagem.
697 ## - ENTRADA DE ASSUNTO LOCAL--ENTIDADE COLETIVA (RLIN)
Nome corporativo ou nome da jurisdição Comportamento
856 ## - LOCALIZAÇÃO ELETRÔNICA E ACESSO
Uniform Resource Identifier <a href="00002a/00002afd.jpg">00002a/00002afd.jpg</a>
942 ## - ELEMENTOS DE ENTRADA ADICIONADOS (KOHA)
Tipo de material Koha Livros
Holdings
Situação do descarte Situação das perdas Fonte da classificação ou esquema de arquivamento na estante Situação física Não pode ser emprestado Biblioteca de origem Biblioteca atual Data de aquisição Total de empréstimos Número de chamada completo Código de barras Data de último acesso Data do preço efetivo Tipo de material Koha
    Classificação Decimal de Dewey     ECB - ÁGUAS CLARAS ECB - ÁGUAS CLARAS 09/08/2021   A Year 3 741 IAC 00054604AGC 23/01/2024 23/01/2024 Livros
    Classificação Decimal de Dewey     ECB - ÁGUAS CLARAS ECB - ÁGUAS CLARAS 09/08/2021   A Year 3 741 IAC 00054605AGC 23/01/2024 23/01/2024 Livros
          Leonardo Da Vinci - Osasco Leonardo Da Vinci - Osasco 27/03/2024   I I11a O019969 27/03/2024 27/03/2024 Livros